Experiencias de desarrollo con familias populares

Guardat en:
Dades bibliogràfiques
Format: Llibre
Idioma:espanyol
Publicat: Santiago Fundación de la Familia 1994
Matèries:
Etiquetes: Afegir etiqueta
Sense etiquetes, Sigues el primer a etiquetar aquest registre!

MARC

LEADER 00000nam a2200000 a 4500
001 UCY7544
003 CL-VaPUC
008 950614e19940000CL |||||||||||||||||spa|d
082 0 4 |a 306.85  |b EXP  |2 21 
245 1 0 |a Experiencias de desarrollo con familias populares 
300 |a 179 p 
942 |c BK 
945 |d 19950614 00:00:00  |a rbrito 
260 |a Santiago  |b Fundación de la Familia  |c 1994 
650 0 |a Familias   |9 255641 
650 0 |a Violencia en el hogar  |9 334209 
650 7 |a EDUCACION FAMILIAR  |2 CL-VaPUC  |9 309569 
583 |a last modification  |c 20180326 12:32:38  |k Rodrigo Vera 
999 |c 234889  |d 234887 
952 |0 0  |1 0  |4 0  |6 306_850000000000000_EXP_1994  |7 0  |8 A  |9 241665  |a BIBGIM  |b BIBGIM  |d 2019-11-18  |i 3093840  |o 306.85 EXP 1994  |p 3093840  |r 2025-01-15  |w 2019-11-18  |y BK  |k SSL